Entry Personal Name
Number of records used in: 1
001 - CONTROL NUMBER
003 - CONTROL NUMBER IDENTIFIER
005 - DATE AND TIME OF LATEST TRANSACTION
- control field:
20221115110507.0
008 - FIXED-LENGTH DATA ELEMENTS
- fixed length control field:
991001n| acannaabn |n aaa c
010 ## - LIBRARY OF CONGRESS CONTROL NUMBER
- LC control number:
no 99071976
035 ## - SYSTEM CONTROL NUMBER
- System control number:
(OCoLC)oca05074271
040 ## - CATALOGING SOURCE
- Original cataloging agency:
TNJ
- Language of cataloging:
eng
- Transcribing agency:
TNJ
- Modifying agency:
DLC
100 1# - HEADING--PERSONAL NAME
- Personal name:
Thai, Thuan L.
670 ## - SOURCE DATA FOUND
- Source citation:
Learning DCOM, 1999:
- Information found:
t.p. (Thuan L. Thai)
670 ## - SOURCE DATA FOUND
- Source citation:
.NET framework essentials, 2001:
- Information found:
CIP t.p. (Thuan Thai)